000 00663nam a2200253Ia 4500
003 OSt
005 20220918163426.0
006 a|||||r|||| 00| 0
007 ta
008 220917b |||||||| |||| 00| 0 eng d
020 _a0 7181 2454 5
024 _a29,564
037 _cTextual
040 _aARTS
_cARTS
_beng
041 _2eng
_aeng
082 _aO111,3N23,2, M4
100 _aMailer Norman
_913079
245 0 _aTough guys don't dance
260 _aLondon
_bMichael Joseph UK
_c1084
300 _a231p.
_ccm.
650 _aENGLISH LITERATURE
942 _hO111,3N23,2, M4
_cTEXL
_2CC
999 _c119533
_d119533